| 000 | 02025cac a22004215a 4500 | ||
|---|---|---|---|
| 001 | 016628621 | ||
| 003 | EG-ScBUE | ||
| 005 | 20220512094000.0 | ||
| 006 | m||||fq||h 00| 0 | ||
| 008 | 140203r20182014enk f bd 000 0 eng d | ||
| 020 | _a9780194333504 (pBook) | ||
| 020 | _a9780194333498 (CD) | ||
| 040 |
_aStDuBDS _beng _erda _cStDuBDS _dEG-ScBUE _dEG-ScBUE |
||
| 082 | 0 | 4 |
_a423 _bOXF _222 |
| 245 | 0 | 0 |
_aOxford learner's dictionary of academic English / _cchief editor Diana Lea ; senior editor Victoria Bull ; development editor Suzanne Webb ; editor Robert Duncan. |
| 246 | 3 | 4 |
_aOxford learner's dictionary of academic English : _bimprove your writing with Oxford academic iWriter |
| 250 | _aReprint edition. | ||
| 264 | 1 |
_aOxford, United Kingdom : _bOxford University Press, _c2018. |
|
| 300 |
_a1 volume (various pagings) ; _c24 cm + _e1 CD |
||
| 336 |
_2rdacontent _atext _btxt |
||
| 336 |
_2rdacontent _asounds _bsnd |
||
| 337 |
_2rdamedia _aunmediated _bn |
||
| 337 |
_2rdamedia _aaudio _bs |
||
| 338 |
_2rdacarrier _avolume _bnc |
||
| 338 |
_2rdacarrier _acomputer disc _bcd |
||
| 504 | _aIncludes bibliographic references. | ||
| 520 | _aThis title presents an in-depth treatment of over 22,000 words, phrases and meanings. Informed by the 85-million-word Oxford Corpus of academic English, which includes a broad range of textbooks and academic journals from 26 different disciplines within the subject areas of humanities, social sciences, life sciences and physical sciences. Corpus-based examples show words in genuine academic contexts and help students use words correctly. | ||
| 590 | _aeman | ||
| 650 | 7 |
_aEnglish language _vDictionaries. _2BUEsh |
|
| 650 | 7 |
_aAcademic language _vDictionaries. _2BUEsh |
|
| 653 |
_cMarch2015 _cOctober2015 _cDecember2015 |
||
| 655 |
_vReading book _934232 |
||
| 700 | 1 |
_aLea, Diana, _eeditor. _921644 |
|
| 700 | 1 |
_aBull, Victoria, _eeditor. _934569 |
|
| 700 | 1 |
_aWebb, Suzanne S, _eeditor. |
|
| 700 | 1 |
_aDuncan, Robert, _eeditor. |
|
| 942 |
_2ddc _k423 OXF _cREFERENCE |
||
| 999 |
_c19049 _d19021 |
||